Statistics for Eminem songs (Studio Albums up to Relapse)

Click here to take the quiz!

General Stats

  • This quiz has been taken 1,103 times
  • The average score is 32 of 109

Answer Stats

HintInfinite% Correct
The Real Slim Shady
73%
Stan
71%
My Name Is
66%
Without Me
65%
Mockingbird
56%
Infinite
54%
Kim
53%
The Way I Am
50%
Till I Collapse
49%
White America
49%
Like Toy Soldiers
47%
Cleanin' Out My Closet
46%
Beautiful
45%
Just Lose It
45%
Kill You
45%
Paul
45%
3 a.m.
44%
Sing for the Moment
44%
Crack a Bottle
43%
Hailie's Song
43%
Superman
43%
We Made You
43%
Business
42%
Marshall Mathers
42%
Criminal
40%
Guilty Conscience
39%
Just Don't Give a Fuck
39%
Square Dance
39%
Ass Like That
38%
Still Don't Give a Fuck
38%
I'm Back
37%
Soldier
37%
Bitch
36%
Role Model
35%
My Dad's Gone Crazy
34%
Public Service Announcement
33%
Brain Damage
32%
Drug Ballad
32%
My Mom
32%
Mosh
31%
Rock Bottom
31%
Drips
30%
Puke
30%
Amityville
29%
Curtains Up
29%
Ken Kaniff
28%
Yellow Brick Road
28%
When the Music Stops
26%
Who Knew
26%
Bad Meets Evil
25%
Bitch Please II
25%
Insane
25%
Remember Me?
25%
Steve Berman
25%
Under the Influence
25%
Bagpipes From Baghdad
24%
I'm Shady
24%
313
23%
Evil Deeds
23%
If I Had
23%
My Fault
23%
Rain Man
23%
As the World Turns
22%
Big Weenie
22%
Say Goodbye Hollywood
22%
Say What You Say
22%
Cum on Everybody
21%
Curtains Close
21%
Déjà Vu
21%
97 Bonnie & Clyde
20%
Never Enough
20%
Underground
20%
Public Service Announcement 2000
19%
Dr. West
18%
Hello
18%
Medicine Ball
18%
Must Be the Ganja
18%
The Kiss
18%
Crazy in Love
16%
One Shot 2 Shot
16%
Soap
16%
Stay Wide Awake
16%
Tonite
16%
Backstabber
15%
It's OK
15%
My 1st Single
15%
Em Calls Paul
14%
Lounge
14%
Maxine
14%
Old Time's Sake
14%
Open mic
14%
W.E.G.O
14%
Paul Rosenberg
13%
Same Song & Dance
13%
Spend Some Time
13%
Tonya
13%
Encore/Curtains Down
11%
Jealousy Woes II
11%
Never 2 far
11%
Searchin
11%
Final Thought
9%
Mr. Mathers
8%

Score Distribution

Percentile by Number Answered

Percent of People with Each Score

Your Score History

You have not taken this quiz